Music Quiz

Random Music or Song Quiz

One Hit Wonders (1990s) Quiz Stats

 Plays Quiz Updated Sep 20, 2018

Score 0/20 Timer 05:00
0 Plays Today
Song Artist % Correct
Baby Got BackSir Mix-a-Lot
75.7%
I'm Too SexyRight Said Fred
68.7%
TubthumpingChumbawamba
66.6%
Bitter Sweet SymphonyThe Verve
64.9%
Mambo No. 5 (A Little Bit Of...)Lou Bega
56.8%
I'm Gonna Be (500 Miles)The Proclaimers
51.7%
No RainBlind Melon
46.9%
Sex and CandyMarcy Playground
45.7%
Breakfast At Tiffany'sDeep Blue Something
43.9%
What Is LoveHaddaway
38.8%
Song Artist % Correct
InformerSnow
36%
You Get What You GiveNew Radicals
31.2%
Walkin' in MemphisMarc Cohn
26.5%
One Of UsJoan Osborne
25.9%
How BizarreOMC
24.5%
MacarenaLos Del Rio
24.4%
Whoomp... There It IsTag Team
24.3%
LullabyShawn Mullins
17.2%
Tootsee Roll69 Boyz
10.2%
Cantaloop (Flip Fantasia)Us3
8.6%

You're not logged in!

Compare scores with friends on all Sporcle quizzes.
OR
Log In

Sporcle TV

Today on Sporcle TV


Watch our educational content, quiz creation guides, and fun videos on Sporcle TV.

Show Comments

Extras

Top Quizzes Today


Score Distribution

Your Account Isn't Verified!

In order to create a playlist on Sporcle, you need to verify the email address you used during registration. Go to your Sporcle Settings to finish the process.

Report this User

Report this user for behavior that violates our Community Guidelines.

Details: